R v SoS Environment ex p Adlard and others (Record no. 71305)

MARC details
000 -LEADER
fixed length control field 01931cam a2200301 4500
001 - CONTROL NUMBER
control field ABS65972
008 - FIXED-LENGTH DATA ELEMENTS--GENERAL INFORMATION
fixed length control field 021004n2002 000 0 eng u
035 ## - SYSTEM CONTROL NUMBER
System control number (Sirsi) u119999
245 ## - TITLE STATEMENT
Title R v SoS Environment ex p Adlard and others
260 ## - PUBLICATION, DISTRIBUTION, ETC.
Date of publication, distribution, etc. 2002
490 ## - SERIES STATEMENT
Series statement Weekly Law Reports
Volume/sequential designation [2002] 1 WLR 2515-2534(19)
520 ## - SUMMARY, ETC.
Summary, etc. [2002] EWCA Civ 671, 17 May 2002. The local planning authority resolved to grant a planning application for the redevelopment of Fulham Football Club's stadium without according objectors an oral hearing. Objectors relying on the right to a fair and public hearing in Human Rights Act 1998 Sched 1 Part 1 Art 6(1) requested that the SoS should call in the application but he refused. The objectors appealed against the refusal of an application for judicial review."Held" appeal dismissed. In the light of the HC's review jurisdiction objectors' Article 6 rights were not breached by the failure of the local planning authority to accord the objectors an oral hearing. SoS was not under a duty to exercise his Town and Country Planning Act 1990 s 77 power so as to prevent a violation of Art 6 of the 1998 Act. View judgment at www.courtservice.gov.uk/.
590 ## - LOCAL NOTE (RLIN)
Local note ABS
650 ## - SUBJECT ADDED ENTRY--TOPICAL TERM
Topical term or geographic name entry element LOCAL PLANNING AUTHORITIES
650 ## - SUBJECT ADDED ENTRY--TOPICAL TERM
Topical term or geographic name entry element FOOTBALL STADIUM
650 ## - SUBJECT ADDED ENTRY--TOPICAL TERM
Topical term or geographic name entry element REDEVELOPMENT
650 ## - SUBJECT ADDED ENTRY--TOPICAL TERM
Topical term or geographic name entry element JUDICIAL REVIEW
650 ## - SUBJECT ADDED ENTRY--TOPICAL TERM
Topical term or geographic name entry element R V SOS ENVIRONMENT, TRANSPORT AND THE REGIONS EX P ALCONBURY DEVELOPMENTS
650 ## - SUBJECT ADDED ENTRY--TOPICAL TERM
Topical term or geographic name entry element R V SOS TRANSPORT, LOCAL GOVERNMENT AND THE REGIONS EX P ADLARD AND OTHERS
650 ## - SUBJECT ADDED ENTRY--TOPICAL TERM
Topical term or geographic name entry element PLANNING PERMISSION
650 ## - SUBJECT ADDED ENTRY--TOPICAL TERM
Topical term or geographic name entry element TOWN AND COUNTRY PLANNING ACT 1990 S77
650 ## - SUBJECT ADDED ENTRY--TOPICAL TERM
Topical term or geographic name entry element HUMAN RIGHTS ACT 1998 SCHED 1 PART I ART 6(1)
650 ## - SUBJECT ADDED ENTRY--TOPICAL TERM
Topical term or geographic name entry element RUNA BEGUM V TOWER HAMLETS LBC
650 ## - SUBJECT ADDED ENTRY--TOPICAL TERM
Topical term or geographic name entry element ADLARD V SOS ENVIRONMENT
690 ## - LOCAL SUBJECT ADDED ENTRY--TOPICAL TERM (OCLC, RLIN)
Topical term or geographic name as entry element Planning and development
9 (RLIN) 6259
856 ## - ELECTRONIC LOCATION AND ACCESS
Uniform Resource Identifier <a href="https://www.courtservice.gov.uk/View.do?id=1174">https://www.courtservice.gov.uk/View.do?id=1174</a>
Hours access method available View judgment on the Court Service website...
942 ## - ADDED ENTRY ELEMENTS (KOHA)
Suppress in OPAC 0
Holdings
Withdrawn status Lost status Source of classification or shelving scheme Damaged status Not for loan Home library Current library Shelving location Date acquired Total Checkouts Full call number Barcode Date last seen Copy number Price effective from Koha item type
    Dewey Decimal Classification     London London Journal article 04/10/2002   ABS65972 119999-1001 06/08/2019 1 06/08/2019 Law report